01149nam a2200277 a 450000100100000000500170001000800410002702000200006802000220008804000250011008200140013510000400014924501700018926000580035930000200041749000230043750000340046050000530049450400280054759000270057559000640060270000480066683000280071495201120074299900170085400004868820201002061330.0190314s2015 dr 000 0 spa d a1940075327 (10) a9781940075327 (13 aDO-SdBNPbspacBNPHU axxxbM7661 aMontás, Keiselim A.d1968-93773610aDe la emigración al transtierro :b(diásporas del caribe hispanohablante en los Estados Unidos) /cKeiselim A. Montás ; prólogo Lourdes Gutiérrez Nájera. aNueva York, Estados Unidos :bEscribana books,c2015. a88 p. ;c23 cm.1 aCultural studies ; aIncluye índice onomástico aIncluye datos biografícos en la contraportada. aBibliografía p: 87-88 aInventariado, 2019/ YL aLa biblioteca posee 1 ejemplar autografíado por el autor.12aGutiérrez Nájera, Lourdeseprol.976136 0aCultural studies976137 0010718PDaPDbPDcHDd2019-04-08iLF1l0oxxx M766p48688-10r2020-06-25w2020-06-25yLFPDZNo se presta c48176d48176